Statystyki dla Wszystkie miasta poniżej 10k w świętokrzyskim

Kliknij tutaj aby rozwiązać quiz!

Ogólne statystyki

  • Ten quiz został rozwiązany 5 razy
  • Średni wynik to 19 z 34

Statystyki odpowiedzi

PowiatMiasto% Poprawnych
opatowskiOpatów
100%
starachowickiWąchock
100%
kieleckiChmielnik
80%
ostrowieckiĆmielów
80%
kazimierskiKazimierza Wielka
80%
kieleckiŁagów
80%
kieleckiMorawica
80%
kieleckiNowa Słupia
80%
buskiNowy Korczyn
80%
buskiPacanów
80%
buskiWiślica
80%
kieleckiBodzentyn
60%
kieleckiChęciny
60%
sandomierskiKlimontów
60%
sandomierskiKoprzywnica
60%
ostrowieckiKunów
60%
staszowskiPołaniec
60%
buskiStopnica
60%
sandomierskiZawichost
60%
kieleckiDaleszyce
40%
pińczowskiDziałoszyce
40%
jędrzejowskiMałogoszcz
40%
staszowskiOleśnica
40%
kazimierskiOpatowiec
40%
jędrzejowskiSędziszów
40%
kazimierskiSkalbmierz
40%
koneckiStąporków
40%
skarżyskiSuchedniów
40%
staszowskiSzydłów
40%
opatowskiIwaniska
20%
staszowskiOsiek
20%
opatowskiOżarów
20%
koneckiRadoszyce
20%
jędrzejowskiWodzisław
0%

Rozkład punktacji

Percentyl według liczby udzielonych odpowiedzi

Procent ludzi z każdym wynikiem

Twoja historia wyników

Nie rozwiązałeś tego quizu